| 000 | 01214nam a2200289 i 4500 | ||
|---|---|---|---|
| 003 | DO-SdBNP | ||
| 005 | 20250630145704.0 | ||
| 007 | ta | ||
| 008 | 110413s2010 dr 000 j spa d | ||
| 040 |
_aDO-SdBNP _bspa _cBNPHU _erda |
||
| 041 | _aspa | ||
| 082 | 4 |
_axxx _bG136 _222 |
|
| 100 |
_a Gago Clérigo, Pedro Luis, _eautor _4aut. _977544 |
||
| 245 | 1 | 0 |
_aMarco jurídico de las asociaciones sin fines de lucro en República Dominicana : _bley 122-05 y decreto 40-08 / _cLuis Gago Clérigo ; prólogo, Juan Temístocles Montás ; presentación, Alberto Perdomo. |
| 250 | _aPrimera edición | ||
| 264 | 4 |
_aSanto Domingo, República Dominicana : _bMinisterio de Economía, Planificación y Desarrollo, _bCentro Nacional de Fomento y Promoción de las Asociaciones sin Fines de Lucro, _c©2010. |
|
| 300 |
_a247 páginas _c22 cm. |
||
| 336 |
_atexto _btxt _2rdacontent |
||
| 337 |
_asin mediación _bn _2rdamedia |
||
| 338 |
_avolumen _2rdacarrier _bnc |
||
| 500 | _aIncluye notas a pie de páginas. | ||
| 590 | _aInventariado, 2023/ YL | ||
| 700 | 1 |
_aTemístocles Montás, Juan, _eprologuista _4pr. _920491 |
|
| 700 | 1 |
_aPerdomo, Alberto _epresentador _984637 _4pr. |
|
| 910 | _aYLockward | ||
| 942 |
_2ddc _cLBS1 |
||
| 999 |
_c55492 _d55492 |
||